000 00547nam a22001697a 4500
008 160609b xxu||||| |||| 00| 0 eng d
020 _a0199768271
040 _aKABU
_cKABU
050 _aMT1
_b.O94 2013 c. 1
245 _aOxford anthology of western music
_cedited by Klara Morics & David E. Schneider
260 _aNew York
_bOxford University Press
_c2013
300 _axi, 604 p.
650 _aMusical analysis
700 _aMorics, Klara
700 _aSchneider, David E.
942 _2lcc
_cBK
_hMT91 .O94 2013 c. 1
999 _c15989
_d15989